000 00503nam a2200181 a 4500
005 20240531063647.0
008 010609s1992 ea r 000 0 eng d
020 _a0029004314 (Obra completa)
035 _aUPN01000107875
049 _aC
050 4 _aLB15
_bE5.4 1992
245 0 0 _aEncyclopedia of educational research.
250 _a6a ed.
260 _aBrodway, N.Y. :
_bMacmillan Library Reference USA,
_cc1992.
300 _a4 v.
650 4 _aEducación
_vDiccionarios
_913241
905 _aLibro
999 _c81787
_d81787